Patterns of belief and action : measurement of student political activism /

Bibliographic Details
Main Author: Sutherland, S. L. (Sharon Lynn), 1940-
Format: Book
Language:English
Published: Toronto ; Buffalo : University of Toronto Press, [1981]
Subjects:

MARC

Tag First Indicator Second Indicator Subfields
LEADER 00000cam a2200000 a 4500
001 in00000070069
005 20151008061556.0
008 820409s1981 onca b 00110 eng
010 |a  82108946  
015 |a C*** 
020 |a 0802055346 
035 |a (OCoLC)08024183 
035 |9 AAJ8357AM 
039 0 |a 2  |b 3  |c 3  |d 3  |e 3 
040 |a DLC  |c DLC  |d TXA  |d UtOrBLW 
049 |a TXAM  |c [933451] 
050 0 0 |a LB3610  |b .S935 
082 0 |a 378/.1981  |2 19 
100 1 |a Sutherland, S. L.  |q (Sharon Lynn),  |d 1940- 
245 1 0 |a Patterns of belief and action :  |b measurement of student political activism /  |c S.L. Sutherland. 
264 1 |a Toronto ;  |a Buffalo :  |b University of Toronto Press,  |c [1981] 
264 4 |c ©1981 
300 |a xi, 362 pages :  |b illustrations ;  |c 24 cm. 
336 |a text  |b txt  |2 rdacontent 
337 |a unmediated  |b n  |2 rdamedia 
338 |a volume  |b nc  |2 rdacarrier 
500 |a Includes indexes. 
504 |a Bibliography: pages [301]-347. 
650 0 |a Students  |x Political activity. 
999 |a MARS 
999 f f |s bde73e15-30aa-33f7-81e4-9720998b5314  |i 25cf73a0-cdc1-380c-baea-bbdb8623ce9c  |t 0 
952 f f |p ric  |a Texas A&M University  |b Rellis Campus  |c Joint Library Facility  |d Remote Storage  |t 0  |e LB3610 .S935  |h Library of Congress classification  |i unmediated -- volume  |m A14806163015 
998 f f |a LB3610 .S935  |t 0  |l Remote Storage